000 00647nam a2200241Ia 4500
003 OSt
005 20220918201250.0
006 a|||||r|||| 00| 0
007 ta
008 220917b |||||||| |||| 00| 0 eng d
024 _a92,760
037 _cTextual
040 _aARTS
_cARTS
_beng
041 _2eng
_aeng
082 _aV1:35, 113L4
100 _aSchumann Hans Gerd
_997835
245 0 _aKoneervativismus
260 _aKiepenheuer
_bNeue Wissenschaflich Bibliothek Geschichte
_c1974
300 _a394p.
_ccm.
650 _aHISTORY
942 _hV1:35, 113L4
_cTEXL
_2CC
999 _c216411
_d216411